[Event "Titled Tuesday intern op 06th May Early"]
[Site "Chess.com INT"]
[Date "2025.05.06"]
[Round "11"]
[White "Ruiz Aguilar, Pablo Alexander"]
[Black "Purygin, Andrei"]
[Result "0-1"]
[WhiteElo "2141"]
[BlackElo "2335"]
[PlyCount "84"]
[EventDate "2025.05.06"]
[EventType "swiss (blitz)"]
[EventRounds "11"]
[EventCountry "USA"]
[SourceTitle "CB20_2025"]
[SourceDate "2025.05.14"]
[SourceVersion "1"]
[SourceVersionDate "2025.05.14"]
[SourceQuality "1"]

1. e4 e5 2. Nf3 d5 3. Nxe5 Bd6 4. d4 dxe4 5. Nc4 Nf6 6. Nxd6+ Qxd6 7. Be2 Nc6 8. c3 Bf5 9. 0-0 0-0-0 10. Bg5 h6 11. Bxf6 Qxf6 12. Bg4 g5 13. Nd2 Rhe8 14. Re1 Kb8 15. Bxf5 Qxf5 16. Qh5 Rd6 17. Nf1 Qe6 18. Ne3 Ne7 19. Ng4 Nc6 20. Ne5 f5 21. Nxc6+ bxc6 22. b4 Re7 23. Rab1 Qc4 24. Rb3 a6 25. h4 Rg7 26. hxg5 Rxg5 27. Qe8+ Kb7 28. Qe5 Rdg6 29. g3 h5 30. b5 axb5 31. d5 Qxd5 32. Qxd5 cxd5 33. Rxb5+ Kc6 34. Ra5 h4 35. Ra6+ Kc5 36. Rxg6 Rxg6 37. Kh2 hxg3+ 38. fxg3 Kc4 39. Rf1 Kxc3 40. Rxf5 Rd6 41. g4 e3 42. Re5 Kd2 0-1

[Event "Titled Tuesday intern op 06th May Early"]
[Site "Chess.com INT"]
[Date "2025.05.06"]
[Round "1"]
[White "Sahib, Singh"]
[Black "Purygin, Andrei"]
[Result "1-0"]
[WhiteElo "2416"]
[BlackElo "2335"]
[PlyCount "51"]
[EventDate "2025.05.06"]
[EventType "swiss (blitz)"]
[EventRounds "11"]
[EventCountry "USA"]
[SourceTitle "CB20_2025"]
[SourceDate "2025.05.14"]
[SourceVersion "1"]
[SourceVersionDate "2025.05.14"]
[SourceQuality "1"]

1. e4 e5 2. Nf3 d5 3. exd5 e4 4. Qe2 Nf6 5. d3 Qxd5 6. Nc3 Bb4 7. dxe4 Qxe4 8. Bd2 Qxe2+ 9. Bxe2 0-0 10. 0-0-0 c6 11. Kb1 Be6 12. Nd4 Bg4 13. f3 Bh5 14. h4 Bg6 15. g4 h5 16. g5 Bxc3 17. bxc3 Nd5 18. f4 c5 19. f5 cxd4 20. fxg6 Nxc3+ 21. Bxc3 dxc3 22. gxf7+ Kxf7 23. Bc4+ Kg6 24. Bd3+ Kf7 25. Rhf1+ Kg8 26. Bc4+ 1-0

[Event "Titled Tuesday intern op 01st Apr Early"]
[Site "Chess.com INT"]
[Date "2025.04.01"]
[Round "2"]
[White "Javakhadze, Zurab"]
[Black "Purygin, Andrei"]
[Result "1-0"]
[WhiteElo "2412"]
[BlackElo "2335"]
[PlyCount "77"]
[EventDate "2025.04.01"]
[EventType "swiss (blitz)"]
[EventRounds "11"]
[EventCountry "USA"]
[SourceTitle "CB15_2025"]
[SourceDate "2025.04.09"]
[SourceVersion "1"]
[SourceVersionDate "2025.04.09"]
[SourceQuality "1"]

1. d4 Nf6 2. c4 e5 3. dxe5 Ng4 4. Bf4 Nc6 5. Nf3 Bb4+ 6. Nc3 Qe7 7. Qd5 Bxc3+ 8. bxc3 Qa3 9. Qd2 Qe7 10. Qd5 Qa3 11. Rc1 Qxa2 12. h3 Nh6 13. Bxh6 gxh6 14. e3 Qb2 15. Qd1 Rg8 16. g3 a5 17. Bd3 a4 18. 0-0 Qb6 19. Bxh7 Rg7 20. Be4 a3 21. Ra1 Qa5 22. Bxc6 dxc6 23. Qd4 Bxh3 24. e6 Kf8 25. e7+ Kg8 26. Qd8+ Kh7 27. e8Q Rxd8 28. Qxd8 Qf5 29. Nh4 Qe5 30. Qd3+ Kh8 31. Kh2 Bxf1 32. Qxf1 Qxc3 33. Qc1 Qe5 34. Nf3 Qf6 35. Kg2 Rg4 36. Rxa3 b5 37. Qc3 Rxc4 38. Qxf6+ Kg8 39. Ne5 1-0

[Event "Titled Tuesday intern op 01st Apr Early"]
[Site "Chess.com INT"]
[Date "2025.04.01"]
[Round "3"]
[White "Kusakina, Uliana"]
[Black "Purygin, Andrei"]
[Result "1-0"]
[WhiteElo "1855"]
[BlackElo "2335"]
[PlyCount "143"]
[EventDate "2025.04.01"]
[EventType "swiss (blitz)"]
[EventRounds "11"]
[EventCountry "USA"]
[SourceTitle "CB15_2025"]
[SourceDate "2025.04.09"]
[SourceVersion "1"]
[SourceVersionDate "2025.04.09"]
[SourceQuality "1"]

1. d4 Nf6 2. c4 e5 3. d5 Bc5 4. Nc3 e4 5. Qc2 d6 6. Nxe4 Bf5 7. Nxf6+ Qxf6 8. e4 Bg6 9. Nf3 0-0 10. Bg5 Bb4+ 11. Kd1 Bxe4 12. Qxe4 Qxb2 13. Rb1 Qc3 14. Qd3 Nd7 15. Qxc3 Bxc3 16. Bd3 Nc5 17. Kc2 Ba5 18. Bd2 Bb6 19. Rhe1 Rfe8 20. Rxe8+ Rxe8 21. Re1 Rd8 22. Be3 h6 23. Bxc5 Bxc5 24. Re2 a5 25. Kb3 c6 26. dxc6 bxc6 27. Kc2 Rb8 28. Nd2 a4 29. f3 Bd4 30. Re4 Be5 31. Kd1 g6 32. f4 Bf6 33. Re2 Rb2 34. Nf3 Rb8 35. Rc2 a3 36. g4 Rb1+ 37. Ke2 Rb8 38. g5 hxg5 39. fxg5 Re8+ 40. Kf2 Bb2 41. Re2 Rb8 42. h4 Bc3 43. Nd2 Bd4+ 44. Kf3 Be5 45. Nb3 d5 46. cxd5 cxd5 47. Rxe5 Rc8 48. Rxd5 Rc3 49. Ke4 Rc8 50. Ra5 Re8+ 51. Kd4 Re1 52. Rxa3 Rh1 53. Ra8+ Kg7 54. Nc5 Rxh4+ 55. Kd5 f6 56. Be4 fxg5 57. Ra7+ Kf6 58. a4 g4 59. a5 Kg5 60. a6 Rh2 61. Rg7 Rd2+ 62. Kc4 Kf6 63. Rxg6+ Ke5 64. Rxg4 Ra2 65. Rg6 Kf4 66. Rg7 Ke5 67. a7 Ra1 68. a8Q Ra7 69. Qxa7 Kf4 70. Qf7+ Ke3 71. Rg3+ Kd2 72. Qf2+ 1-0

[Event "Titled Tuesday intern op 01st Apr Early"]
[Site "Chess.com INT"]
[Date "2025.04.01"]
[Round "7"]
[White "Purygin, Andrei"]
[Black "Asgharzadeh, Mitra"]
[Result "0-1"]
[WhiteElo "2335"]
[BlackElo "1984"]
[PlyCount "114"]
[EventDate "2025.04.01"]
[EventType "swiss (blitz)"]
[EventRounds "11"]
[EventCountry "USA"]
[SourceTitle "CB15_2025"]
[SourceDate "2025.04.09"]
[SourceVersion "1"]
[SourceVersionDate "2025.04.09"]
[SourceQuality "1"]

1. e4 c5 2. d4 cxd4 3. c3 dxc3 4. Nxc3 d6 5. Nf3 Nc6 6. Bc4 a6 7. 0-0 Nf6 8. Qe2 Bg4 9. Rd1 Bxf3 10. gxf3 Qb8 11. b4 e6 12. b5 axb5 13. Nxb5 Be7 14. Ba3 d5 15. Bxe7 Nxe7 16. exd5 exd5 17. Bxd5 Qf4 18. Nd6+ Kf8 19. Bxb7 Ra5 20. Ne4 Rh5 21. Rd8+ Ne8 22. Ng3 Re5 23. Qd3 g6 24. Qd7 Nf5 25. Bc6 Kg7 26. Nxf5+ gxf5 27. Qc8 Qg5+ 28. Kh1 Nd6 29. Rxh8 Nxc8 30. Rxc8 Qh4 31. Rg1+ Kf6 32. a4 Qxf2 33. Rcg8 Re2 34. R8g2 Qe3 35. Bb5 Rxg2 36. Kxg2 f4 37. Rf1 Qd2+ 38. Rf2 Qb4 39. Ra2 h5 40. Bc6 Qa5 41. Be4 h4 42. Kh3 Kg5 43. Rg2+ Kh5 44. Ra2 Qe1 45. Kg2 h3+ 46. Kxh3 Qf1+ 47. Rg2 f6 48. Bg6+ Kh6 49. Be4 f5 50. Bxf5 Qxf3+ 51. Rg3 fxg3 52. hxg3 Qxf5+ 53. g4 Qa5 54. Kh4 Qxa4 55. Kh3 Qf4 56. Kh4 Qe4 57. Kh3 Kg5 0-1

[Event "Titled Tuesday intern op 01st Apr Late"]
[Site "Chess.com INT"]
[Date "2025.04.01"]
[Round "9"]
[White "Purygin, Andrei"]
[Black "Petrenko, Maryna"]
[Result "0-1"]
[WhiteElo "2335"]
[BlackElo "2156"]
[PlyCount "68"]
[EventDate "2025.04.01"]
[EventType "swiss (blitz)"]
[EventRounds "11"]
[EventCountry "USA"]
[SourceTitle "CB21_2025"]
[SourceDate "2025.05.21"]
[SourceVersion "1"]
[SourceVersionDate "2025.05.21"]
[SourceQuality "1"]

1. e4 c6 2. d4 d5 3. Nc3 dxe4 4. Nxe4 Nf6 5. Nxf6+ exf6 6. Nf3 Bd6 7. Bd3 Bg4 8. Be3 0-0 9. Qd2 Nd7 10. h3 Be6 11. g4 Bd5 12. Be2 Qb6 13. c4 Bb4 14. cxd5 Bxd2+ 15. Nxd2 cxd5 16. g5 fxg5 17. 0-0 h6 18. Nb3 Rac8 19. Bg4 f5 20. Bf3 Qd6 21. Rac1 f4 22. Bd2 b6 23. Rfe1 Nf6 24. a3 Qd7 25. Kh2 Rxc1 26. Rxc1 Ne4 27. Bb4 Rc8 28. Re1 a5 29. Bxe4 axb4 30. Bf3 bxa3 31. Bg4 Qc7 32. Bxc8 Qxc8 33. bxa3 Qc3 34. Rb1 Qc2 0-1

[Event "Titled Tuesday intern op 01st Apr Late"]
[Site "Chess.com INT"]
[Date "2025.04.01"]
[Round "4"]
[White "Purygin, Andrei"]
[Black "Voege, Tobias"]
[Result "0-1"]
[WhiteElo "2335"]
[BlackElo "2296"]
[PlyCount "116"]
[EventDate "2025.04.01"]
[EventType "swiss (blitz)"]
[EventRounds "11"]
[EventCountry "USA"]
[SourceTitle "CB21_2025"]
[SourceDate "2025.05.21"]
[SourceVersion "1"]
[SourceVersionDate "2025.05.21"]
[SourceQuality "1"]

1. d4 Nf6 2. Nf3 g6 3. Bg5 Bg7 4. h4 h6 5. Bf4 d5 6. c3 Bg4 7. Qb3 b6 8. Ne5 0-0 9. f3 Be6 10. g4 c5 11. e3 Nfd7 12. Qc2 cxd4 13. exd4 Nxe5 14. Bxe5 Bxe5 15. dxe5 Nc6 16. f4 Bxg4 17. h5 Bxh5 18. Be2 Bxe2 19. Qxe2 Kg7 20. Nd2 Re8 21. e6 f5 22. 0-0-0 d4 23. Nf3 Qd5 24. Qh2 Rh8 25. Nh4 Raf8 26. Rdg1 Rf6 27. Qh3 Qxe6 28. Rg3 Qxa2 29. Nxf5+ Kf7 30. Nxh6+ Rxh6 31. Qxh6 Qa1+ 32. Kc2 d3+ 33. Rxd3 Qa4+ 34. Kd2 Qxf4+ 35. Qxf4 Rxf4 36. Ke2 Ne5 37. Re3 Ng4 38. Rf3 g5 39. Rxf4+ gxf4 40. Kf3 Ne5+ 41. Kxf4 Nd3+ 42. Ke3 Nxb2 43. Rf1+ Ke6 44. Kd4 Na4 45. Ra1 b5 46. c4 a6 47. c5 Kd7 48. Re1 e6 49. Re2 a5 50. Rb2 Nxb2 51. Kc3 Na4+ 52. Kd3 Kc6 53. Ke3 Nxc5 54. Kf4 a4 55. Kg5 a3 56. Kh6 a2 57. Kh7 a1Q 58. Kg8 Qf6 0-1

[Event "Titled Tuesday intern op 01st Apr Early"]
[Site "Chess.com INT"]
[Date "2025.04.01"]
[Round "1"]
[White "Purygin, Andrei"]
[Black "Zhao, Zhouqiao"]
[Result "0-1"]
[WhiteElo "2335"]
[BlackElo "2171"]
[PlyCount "40"]
[EventDate "2025.04.01"]
[EventType "swiss (blitz)"]
[EventRounds "11"]
[EventCountry "USA"]
[SourceTitle "CB15_2025"]
[SourceDate "2025.04.09"]
[SourceVersion "1"]
[SourceVersionDate "2025.04.09"]
[SourceQuality "1"]

1. e4 e6 2. Nf3 d5 3. exd5 exd5 4. d4 Nc6 5. Bb5 Bg4 6. 0-0 Nge7 7. Re1 Qd7 8. Qd3 f6 9. h3 Bh5 10. c4 0-0-0 11. Nc3 Kb8 12. g4 Bg6 13. Qe2 h5 14. g5 Qxh3 15. Bxc6 Nxc6 16. Nxd5 Bd6 17. Qf1 Qxf3 18. Qg2 Nxd4 19. Be3 Qxg2+ 20. Kxg2 Nc2 0-1

[Event "Titled Tuesday intern op 25th Mar Early"]
[Site "Chess.com INT"]
[Date "2025.03.25"]
[Round "8"]
[White "Piesik, Piotr"]
[Black "Purygin, Andrei"]
[Result "1-0"]
[WhiteElo "2434"]
[BlackElo "2335"]
[PlyCount "73"]
[EventDate "2025.03.25"]
[EventType "swiss (blitz)"]
[EventRounds "11"]
[EventCountry "USA"]
[SourceTitle "CB14_2025"]
[SourceDate "2024.11.01"]
[SourceVersion "1"]
[SourceVersionDate "2024.11.01"]
[SourceQuality "1"]

1. Nf3 d5 2. g3 Nc6 3. Bg2 e5 4. d3 Nf6 5. 0-0 Bg4 6. c4 Qd7 7. cxd5 Nxd5 8. Nc3 Nxc3 9. bxc3 h5 10. h4 Be7 11. Rb1 Rb8 12. Qa4 0-0 13. Re1 Rfe8 14. Nd2 Bh3 15. Rxb7 Bxg2 16. Rxb8 Rxb8 17. Kxg2 Qe6 18. Qc4 Qg6 19. Nf3 Rb1 20. Be3 Rxe1 21. Nxe1 Bxh4 22. Qxh4 Qe6 23. Qc4 Qg6 24. Nf3 Qd6 25. Ng5 Nd8 26. Bxa7 Qe7 27. Be3 Qd6 28. a4 Kf8 29. Bc5 Ke7 30. Bxd6+ cxd6 31. Qc7+ Kf6 32. Ne4+ Kg6 33. Qxd8 f6 34. Qe8+ Kf5 35. Qxh5+ Ke6 36. Qe8+ Kd5 37. Qf7+ 1-0

[Event "Titled Tuesday intern op 18th Mar Late"]
[Site "Chess.com INT"]
[Date "2025.03.18"]
[Round "10"]
[White "Purygin, Andrei"]
[Black "Bochnicka, Vladimir1"]
[Result "1-0"]
[WhiteElo "2335"]
[BlackElo "2351"]
[PlyCount "39"]
[EventDate "2025.03.18"]
[EventType "swiss (blitz)"]
[EventRounds "11"]
[EventCountry "USA"]
[SourceTitle "CB13_2025"]
[SourceDate "2025.03.26"]
[SourceVersion "1"]
[SourceVersionDate "2025.03.26"]
[SourceQuality "1"]

1. e4 e5 2. d4 exd4 3. Nf3 Nc6 4. Bc4 Nf6 5. 0-0 Nxe4 6. Re1 d5 7. Bxd5 Qxd5 8. Nc3 Qa5 9. Nxe4 Be6 10. Bg5 h6 11. Bf6 Qf5 12. Nxd4 Nxd4 13. Qxd4 Bd6 14. Bxg7 Rg8 15. Nf6+ Ke7 16. Nxg8+ Rxg8 17. Be5 Bxe5 18. Qxe5 Qf3 19. Qxc7+ Ke8 20. Qb8+ 1-0

[Event "Titled Tuesday intern op 18th Mar Late"]
[Site "Chess.com INT"]
[Date "2025.03.18"]
[Round "1"]
[White "Tanriverdi, Enes"]
[Black "Purygin, Andrei"]
[Result "1-0"]
[WhiteElo "2388"]
[BlackElo "2335"]
[PlyCount "47"]
[EventDate "2025.03.18"]
[EventType "swiss (blitz)"]
[EventRounds "11"]
[EventCountry "USA"]
[SourceTitle "CB13_2025"]
[SourceDate "2025.03.26"]
[SourceVersion "1"]
[SourceVersionDate "2025.03.26"]
[SourceQuality "1"]

1. e4 e5 2. Nf3 d5 3. Nxe5 Bd6 4. d4 dxe4 5. Nc4 Nf6 6. Nc3 0-0 7. Be2 Nc6 8. Be3 Bf5 9. g4 Bg6 10. h4 h5 11. gxh5 Bf5 12. h6 g6 13. Bg5 Be7 14. d5 Nb4 15. Ne3 Qd7 16. a3 Na6 17. Qd4 Ne8 18. Nxf5 gxf5 19. Rg1 Kh7 20. Nxe4 Rg8 21. 0-0-0 Nd6 22. Bxe7 Nxe4 23. Rg7+ Kxh6 24. Bg5+ 1-0

[Event "Titled Tuesday intern op 04th Mar Early"]
[Site "Chess.com INT"]
[Date "2025.03.04"]
[Round "9"]
[White "Lukachewski Junior, Wanderlei"]
[Black "Purygin, Andrei"]
[Result "1/2-1/2"]
[WhiteElo "2049"]
[BlackElo "2335"]
[PlyCount "91"]
[EventDate "2025.03.04"]
[EventType "swiss (blitz)"]
[EventRounds "11"]
[EventCountry "USA"]
[SourceTitle "CB11_2025"]
[SourceDate "2025.03.12"]
[SourceVersion "1"]
[SourceVersionDate "2025.03.12"]
[SourceQuality "1"]

1. d4 Nf6 2. c4 e5 3. dxe5 Ng4 4. Nf3 Bc5 5. e3 Nc6 6. Be2 Ngxe5 7. 0-0 Nxf3+ 8. Bxf3 0-0 9. b3 a5 10. Nc3 Ne5 11. Be2 Ra6 12. Ne4 Ba7 13. Bb2 Re8 14. c5 Rh6 15. Qd4 Qh4 16. h3 d5 17. Ng3 Qg5 18. Qf4 Qxf4 19. exf4 Ng6 20. f5 Nf4 21. Bf3 Bxc5 22. Bc1 Bd6 23. Bxf4 Bxf4 24. Bxd5 c6 25. Bf3 Bxg3 26. fxg3 Bxf5 27. Bxc6 Rxc6 28. Rxf5 Re2 29. Rd1 g6 30. Rf2 Rxf2 31. Kxf2 Rc2+ 32. Kf3 Rxa2 33. Rd7 b5 34. Rb7 b4 35. Rb5 Ra3 36. Kf4 Kg7 37. g4 h6 38. h4 Rxb3 39. Rxa5 Rc3 40. Rb5 b3 41. g5 h5 42. g3 Rd3 43. Rb6 Rc3 44. Rb5 Rc4+ 45. Kf3 Rc3+ 46. Kf4 1/2-1/2

[Event "Titled Tuesday intern op 11th Feb Early"]
[Site "Chess.com INT"]
[Date "2025.02.11"]
[Round "7"]
[White "Derlich, Sarah Sima"]
[Black "Purygin, Andrei"]
[Result "0-1"]
[WhiteElo "1920"]
[BlackElo "2335"]
[PlyCount "72"]
[EventDate "2025.02.11"]
[EventType "swiss (blitz)"]
[EventRounds "11"]
[EventCountry "USA"]
[SourceTitle "CB09_2025"]
[SourceDate "2025.02.27"]
[SourceVersion "1"]
[SourceVersionDate "2025.02.27"]
[SourceQuality "1"]

1. e4 e5 2. Nf3 Nc6 3. Bc4 Nf6 4. d3 Be7 5. c3 0-0 6. 0-0 d5 7. exd5 Nxd5 8. Re1 Bg4 9. h3 Bh5 10. Nbd2 a6 11. Bb3 Nf4 12. d4 exd4 13. Ne4 Bd6 14. cxd4 h6 15. Be3 Re8 16. Ng3 Bg6 17. Qd2 Nh5 18. Nxh5 Bxh5 19. d5 Bxf3 20. gxf3 Ne5 21. Kg2 Ng6 22. Bd1 Qd7 23. f4 Nh4+ 24. Kg3 Nf5+ 25. Kg2 Nh4+ 26. Kg3 Ng6 27. Kg2 Qf5 28. Bg4 Qf6 29. f5 Ne5 30. Bf4 Nc4 31. Qc1 Bxf4 32. Qxc4 Bd6 33. Red1 Qxb2 34. Rab1 Qe5 35. Rxb7 Qh2+ 36. Kf1 Qh1# 0-1

[Event "Titled Tuesday intern op 11th Feb Early"]
[Site "Chess.com INT"]
[Date "2025.02.11"]
[Round "9"]
[White "Nugumanov, Bakhtiyar"]
[Black "Purygin, Andrei"]
[Result "1-0"]
[WhiteElo "2299"]
[BlackElo "2335"]
[PlyCount "29"]
[EventDate "2025.02.11"]
[EventType "swiss (blitz)"]
[EventRounds "11"]
[EventCountry "USA"]
[SourceTitle "CB09_2025"]
[SourceDate "2025.02.27"]
[SourceVersion "1"]
[SourceVersionDate "2025.02.27"]
[SourceQuality "1"]

1. e4 e5 2. Nf3 Nc6 3. Bb5 a6 4. Ba4 Nge7 5. Nc3 Ng6 6. 0-0 Bc5 7. Nd5 0-0 8. c3 d6 9. Bb3 Kh8 10. d4 Ba7 11. Ng5 Be6 12. Qh5 h6 13. Nxe6 fxe6 14. Bxh6 Qe8 15. Nxc7 1-0

[Event "Titled Tuesday intern op 11th Feb Early"]
[Site "Chess.com INT"]
[Date "2025.02.11"]
[Round "1"]
[White "Purygin, Andrei"]
[Black "Yildiz, Serdar Murat"]
[Result "0-1"]
[WhiteElo "2335"]
[BlackElo "2261"]
[PlyCount "24"]
[EventDate "2025.02.11"]
[EventType "swiss (blitz)"]
[EventRounds "11"]
[EventCountry "USA"]
[SourceTitle "CB08_2025"]
[SourceDate "2025.02.19"]
[SourceVersion "1"]
[SourceVersionDate "2025.02.19"]
[SourceQuality "1"]

1. e4 c5 2. Nf3 e6 3. c3 d5 4. exd5 Qxd5 5. d4 Nf6 6. dxc5 Qxd1+ 7. Kxd1 Bxc5 8. Be3 Bxe3 9. fxe3 Nc6 10. Bb5 Bd7 11. Nd4 0-0-0 12. Ke2 Nxd4+ 0-1